UNDERSTANDINGS OF RELIGION- A READER (Record no. 8241)
[ view plain ]
| 000 -LEADER | |
|---|---|
| fixed length control field | 00336nam a22001217a 4500 |
| 020 ## - INTERNATIONAL STANDARD BOOK NUMBER | |
| ISBN | 1581525109 |
| 050 ## - CALL NUMBER | |
| Classification number | BL41 |
| Item number | .Un2 |
| 100 ## - AUTHOR | |
| Personal name | CARTHAGE COLLGE |
| 245 ## - TITLE | |
| Title | UNDERSTANDINGS OF RELIGION- A READER |
| Statement of responsibility, etc | CARTHAGE COLLGE |
| 260 ## - PUBLICATION INFORMATION | |
| Place of publication | AN IMPRINT OF TANEDU CUSTOM PUB. |
| Name of publisher | COPLEY CUSTOM TEXBOOK |
| Year of publication | 2007 |
| 300 ## - DESCRIPTION | |
| Number of Pages | 214P.: |
| Dimensions | 20CM. |
| 942 ## - ADDED ENTRY ELEMENTS (KOHA) | |
| Koha item type | Books |
| Withdrawn status | Lost status | Collection code | Home library | Current library | Shelving location | Date acquired | Full call number | Accession Number | Koha item type |
|---|---|---|---|---|---|---|---|---|---|
| Reference | Methodist University Library Main | Methodist University Library Main | General Stacks | 26/01/2022 | BL41 .Un2 | 39814 | Books |